Discurso leído en la... apertura del curso académico de 1899 a 1900 en la Universidad Literaria de Granada / (Record no. 52985)

MARC details
000 -LEADER
campo de control de longitud fija 00772nam a22002175i 4500
001 - NÚMERO DE CONTROL
campo de control 52985
003 - IDENTIFICADOR DE NÚMERO DE CONTROL
campo de control ES-MaACL
005 - FECHA Y HORA DE LA ÚLTIMA TRANSACCIÓN
campo de control 20250717070754.0
007 - CAMPO FIJO DE DESCRIPCIÓN FÍSICA--INFORMACIÓN GENERAL
campo de control de longitud fija t|
008 - DATOS DE LONGITUD FIJA--INFORMACIÓN GENERAL
campo de control de longitud fija 950907s1899 sp ||||1| spa d
040 ## - FUENTE DE CATALOGACIÓN
Centro catalogador/agencia de origen CAM
Lengua de catalogación spa
Centro/agencia transcriptor CAM
100 1# - ENTRADA PRINCIPAL--NOMBRE DE PERSONA
Nombre de persona Dorronsoro y Ucelayeta, Bernabé.
9 (RLIN) 45431
245 10 - MENCIÓN DEL TÍTULO
Título Discurso leído en la... apertura del curso académico de 1899 a 1900 en la Universidad Literaria de Granada /
Mención de responsabilidad, etc. por Bernabé Dorronsoro y Ucelayeta.
260 ## - PUBLICACIÓN, DISTRIBUCIÓN, ETC.
Lugar de publicación, distribución, etc. Granada :
Nombre del editor, distribuidor, etc. [s.n.],
Fecha de publicación, distribución, etc. 1899 (
Fabricante Indalecio Ventura)
300 ## - DESCRIPCIÓN FÍSICA
Extensión 31 p. ;
Dimensiones 32 cm.
500 ## - NOTA GENERAL
Nota general Tema: Ultimos progresos de la electricidad.
650 17 - PUNTO DE ACCESO ADICIONAL DE MATERIA--TÉRMINO DE MATERIA
Término de materia o nombre geográfico como elemento de entrada Electricidad
Fuente del encabezamiento o término embne
9 (RLIN) 12159
710 2# - ENTRADA AGREGADA--NOMBRE DE ENTIDAD CORPORATIVA
Nombre de entidad corporativa o nombre de jurisdicción como elemento de entrada Universidad Literaria de Granada.
9 (RLIN) 153703
852 ## - LOCALIZACIÓN
Ubicación ES-MaACL
Número de control de estantería T-913-F-4
Holdings
Estatus retirado Estado de pérdida Estado de daño No para préstamo Colección Biblioteca de origen Biblioteca actual Ubicación en estantería Fecha de adquisición Fuente de adquisición Total de préstamos Signatura topográfica completa Código de barras Visto por última vez Precio de reemplazo Tipo de ítem Koha
        Colección de folletos Biblioteca del Ateneo de Madrid Biblioteca del Ateneo de Madrid Depósito folletos 17/01/2008     T-913-F-4 1055679 23/02/2023 23/02/2023 Folleto